Quantity surveyor's fees (Record no. 103844)

MARC details
000 -LEADER
fixed length control field 01224cam a2200229 4500
001 - CONTROL NUMBER
control field ##L127978
008 - FIXED-LENGTH DATA ELEMENTS--GENERAL INFORMATION
fixed length control field 041116n2004 000 0 eng u
020 ## - INTERNATIONAL STANDARD BOOK NUMBER
International Standard Book Number 1903202345
035 ## - SYSTEM CONTROL NUMBER
System control number (Sirsi) u127978
041 0# - LANGUAGE CODE
Language code of text/sound track or separate title eng
050 04 - LIBRARY OF CONGRESS CALL NUMBER
Classification number 331.2166 $2 18
110 2# - MAIN ENTRY--CORPORATE NAME
Corporate name or jurisdiction name as entry element Mirza and Nacey Research
9 (RLIN) 1403
245 00 - TITLE STATEMENT
Title Quantity surveyor's fees
Remainder of title a survey of the fees charged by professional quantity surveying practices
250 ## - EDITION STATEMENT
Edition statement 4th ed.
260 ## - PUBLICATION, DISTRIBUTION, ETC.
Place of publication, distribution, etc. Arundel
Name of publisher, distributor, etc. Mirza and Nacey
Date of publication, distribution, etc. 2004
300 ## - PHYSICAL DESCRIPTION
Extent 43p.
Dimensions 30cm.
350 ## - PRICE (NR) (BK AM CF MU VM SE) [OBSOLETE]
Price 135
520 ## - SUMMARY, ETC.
Summary, etc. The information in this publication is based on a survey of professional quantity surveying practices undertaken over the 24 month period ending in July 2004. Divided into four sections, section one examines the survey background and includes definitions and the survey methodology and respondent profile. Section two discusses quantity surveyor charge our rates, with section three discussing fees including contractual and regional variations. Section four contains detailed analysis of the fees data including: private housing; leisure; offices; industrial; retail; and public and community projects.
690 ## - LOCAL SUBJECT ADDED ENTRY--TOPICAL TERM (OCLC, RLIN)
Topical term or geographic name as entry element Quantity surveying
9 (RLIN) 6263
942 ## - ADDED ENTRY ELEMENTS (KOHA)
Suppress in OPAC 0
Holdings
Withdrawn status Lost status Source of classification or shelving scheme Damaged status Not for loan Home library Current library Shelving location Date acquired Cost, normal purchase price Total Checkouts Full call number Barcode Date last seen Date last checked out Copy number Cost, replacement price Price effective from Koha item type
    Other/Generic Classification Scheme     London London Basement 26/11/2004 135.00 14 SHELF 302 30069686 06/08/2019 05/07/2007 1 135.00 06/08/2019 Book